[Event "VIE-ch U13"]
[Site "Da Lat"]
[Date "2013.07.??"]
[Round "6"]
[White "Hoang, Trinh Thien Vu"]
[Black "Hoang, Tuan Anh"]
[Result "1-0"]
[WhiteElo "1952"]
[BlackElo "1983"]
[PlyCount "139"]
[EventDate "2013.07.13"]
[EventType "swiss"]
[EventRounds "9"]
[EventCountry "VIE"]
[SourceTitle "EXT 2014"]
[Source "ChessBase"]
[SourceDate "2013.11.20"]
[SourceVersion "1"]
[SourceVersionDate "2013.11.20"]
[SourceQuality "1"]

1. d4 d5 2. c4 e6 3. Nc3 Nf6 4. Bg5 Be7 5. Nf3 h6 6. Bf4 c6 7. e3 0-0 8. cxd5 cxd5 9. Be2 Bb4 10. 0-0 Qa5 11. Nb5 Na6 12. a3 Be7 13. Nd6 Qb6 14. Nxc8 Raxc8 15. Qd2 Rfd8 16. Rac1 Rxc1 17. Rxc1 Bd6 18. Bxd6 Ne4 19. Qc2 Nxd6 20. h3 Rc8 21. Qd2 Rxc1+ 22. Qxc1 Qc7 23. Qxc7 Nxc7 24. Nd2 b6 25. f3 f6 26. Kf2 Kf7 27. e4 Ncb5 28. Ke3 g6 29. e5 Nf5+ 30. Kf2 Nbxd4 31. exf6 Kxf6 32. Ba6 h5 33. Bb7 a5 34. a4 Nd6 35. Ba6 e5 36. Bd3 b5 37. axb5 N6xb5 38. Bxb5 Nxb5 39. Nb3 a4 40. Nc5 a3 41. bxa3 Nxa3 42. g4 h4 43. Ke3 Nc2+ 44. Kd2 Nd4 45. Ke3 Ne6 46. Nd7+ Ke7 47. Nxe5 g5 48. Nd3 Kd6 49. f4 d4+ 50. Ke4 Nxf4 51. Nxf4 gxf4 52. Kxd4 Ke6 53. Ke4 f3 54. Kxf3 Ke5 55. Ke3 Kf6 56. Kf4 Kg6 57. Ke5 Kg5 58. Ke4 Kf6 59. Kf4 Kg6 60. g5 Kf7 61. Kg4 Kg6 62. Kxh4 Kh7 63. Kh5 Kh8 64. Kg6 Kg8 65. h4 Kh8 66. Kf7 Kh7 67. g6+ Kh6 68. g7 Kh5 69. g8Q Kxh4 70. Qg6 1-0

[Event "VIE-ch U13"]
[Site "Da Lat"]
[Date "2013.07.??"]
[Round "4"]
[White "Hoang, Tuan Anh"]
[Black "Le, Thanh Cong"]
[Result "0-1"]
[WhiteElo "1983"]
[BlackElo "1961"]
[PlyCount "90"]
[EventDate "2013.07.13"]
[EventType "swiss"]
[EventRounds "9"]
[EventCountry "VIE"]
[SourceTitle "EXT 2014"]
[Source "ChessBase"]
[SourceDate "2013.11.20"]
[SourceVersion "1"]
[SourceVersionDate "2013.11.20"]
[SourceQuality "1"]

1. e4 e6 2. Nc3 d5 3. exd5 exd5 4. d4 Nf6 5. Bd3 Bd6 6. Bg5 c6 7. Nf3 Bg4 8. h3 Bh5 9. Qe2+ Qe7 10. Bxf6 gxf6 11. Qxe7+ Bxe7 12. g4 Bg6 13. Bxg6 fxg6 14. 0-0-0 Kf7 15. a3 Nd7 16. Rde1 Rhe8 17. b4 Bd6 18. g5 Bf4+ 19. Kb2 Bxg5 20. Nxg5+ fxg5 21. Rxe8 Rxe8 22. b5 Kf6 23. h4 h5 24. Rh3 g4 25. Rg3 Re1 26. f3 Re3 27. a4 Rxf3 28. Rxf3+ gxf3 29. Nd1 Kf5 30. Kc3 Kg4 31. Kd2 Kxh4 32. Ke3 Kg3 33. bxc6 bxc6 34. Nf2 Nf6 35. Nh1+ Kh2 36. Nf2 Ne4 37. Nxe4 dxe4 38. Kxe4 f2 39. d5 cxd5+ 40. Kxd5 f1Q 41. c4 Qf5+ 42. Kd4 Kg3 43. Kc3 Kf3 44. Kb4 Qb1+ 45. Ka5 Ke4 0-1